| 000 | 01135nam a22003257a 4500 | ||
|---|---|---|---|
| 003 | CHAP | ||
| 005 | 20220329134947.0 | ||
| 008 | 971013c19781973 r 00010 d | ||
| 010 | _a28711 | ||
| 011 | _a29683 | ||
| 035 | _a33794 | ||
| 040 | _cCHAP | ||
| 082 |
_a574.5 _bK6Y |
||
| 100 | 0 | 0 |
_aKormondy, Edward J. _963738 |
| 245 | _aConceptos de ecología | ||
| 260 |
_aMadrid : _bAlianza, _c1978 (c.1973) |
||
| 300 |
_a248 p. _b: ilus. ; gráfs. |
||
| 590 |
_aBATCH-UPD _b10 _c20130110 _lUCH01 _h1803 |
||
| 590 |
_aBATCH-UPD _b10 _c20130410 _lUCH01 _h1139 |
||
| 590 |
_aBATCH-UPD _b10 _c20130914 _lUCH01 _h1227 |
||
| 590 |
_aCONVERSION _b10 _c20130109 _lUCH01 _h1316 |
||
| 650 | 1 | 4 |
_aEcología. _935134 |
| 901 | _aBK | ||
| 942 | _cLIBRO | ||
| 949 |
_a574.5 K6Y _bBC _cLIBRO _d33724000469581 _eLIBRO _fc.2 _h49111 _i33794 _si |
||
| 949 |
_a574.5 K6Y _bBC _cLIBRO _d33724000469599 _eLIBRO _fc.3 _h49110 _i33794 _si |
||
| 949 |
_a574.5 K6Y _bBC _cLIBRO _d33724000756268 _eLIBRO _h49112 _i33794 _si |
||
| 949 |
_a574.5 K6Y _bBC _cLIBRO _d33724000766994 _eLIBRO _fc.5 _h52217 _i33794 _si |
||
| 949 |
_a574.5 K6Y _bBC _cLIBRO _d33724000811196 _eLIBRO _fc.4 _h52216 _i33794 _si |
||
| 999 |
_c28711 _d28711 |
||